Villes sans accès à la mer ni fleuve - Statistiques

Statistiques générales
  • Ce quiz a été pris 40 fois
  • Le résultat moyen est 4 sur 11
Answers on the Grid
Answers color-coded by a green-red scale on the quiz's grid according to % correct below.
Riyad
Pékin
Ankara
Milan
Bern
Phœnix
Washington
Johannesburg
Madrid
Moscou
Brasilia
Genève
La Roche sur Foron
Minsk
Budapest
Zagreb
Oulan-Bator
Amsterdam
Bamako
Reykjavik
Osaka
 
Statistiques - réponses
Réponse % Correct
Riyad
75%
Oulan-Bator
53%
Ankara
47%
Phœnix
44%
Brasilia
41%
Madrid
31%
Milan
31%
Bamako
28%
Johannesburg
25%
Minsk
16%
Zagreb
6%
Aucun quiz correspondant
Distribution des résultats
% des personnes avec chaque résultat
Percentile par nombre de réponses
Votre historique - résultats
Vous n’avez pas pris ce quiz